| 000 | 02976nam a2200385 i 4500 | ||
|---|---|---|---|
| 001 | 000048530 | ||
| 003 | DO-SdBNP | ||
| 005 | 20250916081730.0 | ||
| 007 | ta | ||
| 008 | 190328s2017 dr abc 001 0 spa d | ||
| 020 | _a9789945891799 | ||
| 040 |
_aDO-SdBNP _bspa _cBNP _erda |
||
| 041 | _aspa | ||
| 082 |
_axxxx _bS471i _222 |
||
| 111 | 1 |
_aSeminario Internacional : Sistemas y Experiencias de Acreditación en Estados Unidos, Suramérica, Centroamérica, Europa y la República Dominicana _d(2016 : 29 y 30 de noviembre. _cSanto Domingo, D. N. República Dominicana) _975981 |
|
| 245 | 1 | 0 |
_aSeminario internacional : _bsistemas y experiencias de acreditación en Estados Unidos, Suramérica, Centroamérica, Europa y la República Dominicana / _cexpositores, Herman Bounds, María José Lemaitre, Esteban Arias Monge, Miguel Zabalza Beraza, José Eduardo López Pereira y otros dos |
| 264 | 1 |
_aSanto Domingo : _bMESCYT, _c2017. |
|
| 300 |
_a352 páginas : _bilustraciones, mapas, retratos ; _c23 cm. |
||
| 336 |
_atexto _btxt _2rdacontent |
||
| 337 |
_asin mediación _bn _2rdamedia |
||
| 338 |
_avolumen _bnc _2rdacarrier |
||
| 504 | _aBibliografía : p. 348 | ||
| 505 | 0 |
_aPresentación -- _tIntroducción -- _tDiscurso de la ministra / _rDra. Alejandrina German _tGuidelines for preparing / Reviewing and compliance reports, In accordance with 34 CFR Part 602. The Secretary's Recognition of Accrediting Agencies. For Use During the 2012 Review Cycle / _rHernan Bounds -- _tAseguramiento de la calidad en América Latina: Estado actual y desafíos para el futuro / _rMaría José Lemaitre -- _tAcreditación y gestión de la calidad de la educación superior en Centroamérica: algunos tópicos sobre la historia y su desarrollo / _rEsteban Arias Monge -- _tSistemas de aseguramiento externo de la calidad de las instituciones de educación superior: una reflexión desde Europa / _rMiguel Ángel Zabalza Berazo -- _tSistema de acreditación de títulos universitarios por la ACSUG ( Agencia para la Calidad del Sistema Universitario de Gacia, España) / _rJosé Eduardo López Pereira -- _tLa experiencia dominicana sobre acreditación universitaria: el caso de la Asociación Dominicana Para El Autoestudio Y La Acreditación (ADAAC) / _rRadhames Mejía -- _tSíntesis de aspectos clave de modelos y experiencias por cada región representada / _rRoberto Reyna -- _tAnexo I --. |
|
| 590 | _aInventariado, 2019/LP | ||
| 700 | 1 |
_aBounds, Hernan _eexpositor _4ex. _975983 |
|
| 700 | 1 |
_aLemaitre, María José _eexpositor _4ex. _975984 |
|
| 700 | 1 |
_aArias Monge, Esteban _eexpositor _4ex. _975985 |
|
| 700 | 1 |
_aZabalza Beraza, José Eduardo _eexpositor _4ex. _975986 |
|
| 700 | 1 |
_aLópez Pereira, José Eduardo _eexpositor _4ex. _975987 |
|
| 700 | 1 |
_aMejía, Radhames _eexpositor _4ex. _96414 |
|
| 700 | 1 |
_aReyna, Roberto _eexpositor _4ex. _972953 |
|
| 710 | 1 |
_aRepública Dominicana. _bMinisterio de Educación Superior, Ciencia y Tecnología _972559 |
|
| 910 | _aLopérez | ||
| 942 |
_2ddc _cLBS1 |
||
| 999 |
_c48018 _d48018 |
||